| 000 | 00400nam a22001697a 4500 | ||
|---|---|---|---|
| 003 | CEME | ||
| 005 | 20210628203935.0 | ||
| 008 | 210316b xxu||||| |||| 00| 0 eng d | ||
| 040 | _c. | ||
| 082 | _a004.16 MIC'I | ||
| 100 |
_aIntel _959936 |
||
| 245 | _aMemory product, microprocessor | ||
| 260 |
_aNEWYORK _bINTEL _c1993 |
||
| 300 | _a1456P | ||
| 650 |
_aMEMORY PRODUCT _967928 |
||
| 942 |
_cBK _2ddc |
||
| 999 |
_c575611 _d575611 |
||